<?xml version="1.0" encoding="UTF-8"?>
<record
    xmlns:xsi="http://www.w3.org/2001/XMLSchema-instance"
    xsi:schemaLocation="http://www.loc.gov/MARC21/slim http://www.loc.gov/standards/marcxml/schema/MARC21slim.xsd"
    xmlns="http://www.loc.gov/MARC21/slim">

  <leader>00913cam a22003132  4500</leader>
  <controlfield tag="001">.b19010850</controlfield>
  <controlfield tag="003">YEEZEN</controlfield>
  <controlfield tag="005">20260106140237.0</controlfield>
  <controlfield tag="008">240321s2023    ch            000 0 chi d</controlfield>
  <datafield tag="020" ind1=" " ind2=" ">
    <subfield code="a">9786263555617</subfield>
    <subfield code="q">(&#x5E73;&#x88DD;) :</subfield>
    <subfield code="c">NT$400</subfield>
  </datafield>
  <datafield tag="040" ind1=" " ind2=" ">
    <subfield code="a">tw</subfield>
    <subfield code="d">NTOU</subfield>
    <subfield code="c">tw</subfield>
  </datafield>
  <datafield tag="042" ind1=" " ind2=" ">
    <subfield code="a">nbic</subfield>
  </datafield>
  <datafield tag="090" ind1=" " ind2=" ">
    <subfield code="a">525.833</subfield>
  </datafield>
  <datafield tag="100" ind1="1" ind2=" ">
    <subfield code="a">&#x9673;, &#x57F9;&#x601D;</subfield>
  </datafield>
  <datafield tag="245" ind1="1" ind2="0">
    <subfield code="a">&#x8FFD;&#x71B1;&#x611B;&#x7684;&#x5922; &#x8D70;&#x771F;&#x5BE6;&#x7684;&#x8DEF; :</subfield>
    <subfield code="b">&#x5275;&#x65B0;&#x5275;&#x696D;10&#x5802;&#x8AB2; /</subfield>
    <subfield code="c">&#x9673;&#x57F9;&#x601D;, &#x9EC3;&#x4E9E;&#x742A;, &#x6797;&#x60E0;&#x541B;&#x4F5C;</subfield>
  </datafield>
  <datafield tag="246" ind1="3" ind2="0">
    <subfield code="a">&#x5275;&#x65B0;&#x5275;&#x696D;&#x5341;&#x5802;&#x8AB2;</subfield>
  </datafield>
  <datafield tag="246" ind1="3" ind2="0">
    <subfield code="a">&#x5275;&#x65B0;&#x5275;&#x696D;10&#x5802;&#x8AB2;</subfield>
  </datafield>
  <datafield tag="250" ind1=" " ind2=" ">
    <subfield code="a">&#x7B2C;&#x4E00;&#x7248;</subfield>
  </datafield>
  <datafield tag="260" ind1=" " ind2=" ">
    <subfield code="a">&#x81FA;&#x5317;&#x5E02; :</subfield>
    <subfield code="b">&#x9060;&#x898B;&#x5929;&#x4E0B;,</subfield>
    <subfield code="c">2023.12</subfield>
  </datafield>
  <datafield tag="300" ind1=" " ind2=" ">
    <subfield code="a">223&#x9762; ;</subfield>
    <subfield code="c">23&#x516C;&#x5206;</subfield>
  </datafield>
  <datafield tag="490" ind1="1" ind2=" ">
    <subfield code="a">&#x91AB;&#x5B78;&#x4EBA;&#x6587; ;</subfield>
    <subfield code="v">BMP022.</subfield>
  </datafield>
  <datafield tag="610" ind1="2" ind2="7">
    <subfield code="a">&#x81FA;&#x5317;&#x91AB;&#x5B78;&#x5927;&#x5B78;</subfield>
    <subfield code="2">lcstt.</subfield>
  </datafield>
  <datafield tag="650" ind1="1" ind2="7">
    <subfield code="a">&#x5065;&#x5EB7;&#x91AB;&#x7642;&#x696D;</subfield>
    <subfield code="2">lcstt.</subfield>
  </datafield>
  <datafield tag="650" ind1="1" ind2="7">
    <subfield code="a">&#x7522;&#x696D;&#x767C;&#x5C55;</subfield>
    <subfield code="2">lcstt.</subfield>
  </datafield>
  <datafield tag="651" ind1=" " ind2="1">
    <subfield code="a">7&#x81FA;&#x5317;&#x91AB;&#x5B78;&#x5927;&#x5B78;</subfield>
    <subfield code="2">lcstt.</subfield>
  </datafield>
  <datafield tag="700" ind1="1" ind2=" ">
    <subfield code="a">&#x6797;, &#x60E0;&#x541B;</subfield>
  </datafield>
  <datafield tag="700" ind1="1" ind2=" ">
    <subfield code="a">&#x9EC3;, &#x4E9E;&#x742A;</subfield>
  </datafield>
  <datafield tag="942" ind1=" " ind2=" ">
    <subfield code="2">ccl</subfield>
    <subfield code="c">BOOK</subfield>
  </datafield>
  <datafield tag="999" ind1=" " ind2=" ">
    <subfield code="c">7678</subfield>
    <subfield code="d">7678</subfield>
  </datafield>
  <datafield tag="952" ind1=" " ind2=" ">
    <subfield code="0">0</subfield>
    <subfield code="1">0</subfield>
    <subfield code="2">ccl</subfield>
    <subfield code="4">0</subfield>
    <subfield code="7">0</subfield>
    <subfield code="a">yeezen</subfield>
    <subfield code="b">yeezen</subfield>
    <subfield code="c">YEEZEN</subfield>
    <subfield code="d">2026-01-06</subfield>
    <subfield code="l">0</subfield>
    <subfield code="o">525.833</subfield>
    <subfield code="p">C03264</subfield>
    <subfield code="r">2026-01-06 00:00:00</subfield>
    <subfield code="w">2026-01-06</subfield>
    <subfield code="y">BOOK</subfield>
    <subfield code="z">&#x73FE;&#x5728;&#x4E00;&#x5207;&#x7F8E;&#x597D;&#x7684;&#x4E8B;&#x7269;&#xFF0C;&#x7121;&#x4E00;&#x4E0D;&#x662F;&#x5275;&#x65B0;&#x7684;&#x7D50;&#x679C;&#x3002; &#x5728;&#x81FA;&#x5317;&#x91AB;&#x5B78;&#x5927;&#x5B78;&#xFF0C;&#x6709;&#x8457;&#x4E00;&#x7FA4;&#x53C8;&#x4E00;&#x7FA4;&#x4E0D;&#x6015;&#x6311;&#x6230;&#x7684;&#x4EBA;&#x5011;&#xFF0C;&#x6B63;&#x5728;&#x6539;&#x8B8A;&#x4E16;&#x754C;&#x3002; &#x4ED6;&#x5011;&#x805A;&#x7126;&#x8F49;&#x8B6F;&#x91AB;&#x5B78;&#x3001;&#x7CBE;&#x6E96;&#x5065;&#x5EB7;&#x3001;&#x667A;&#x6167;&#x91AB;&#x7642;&#x7B49;&#x9818;&#x57DF;&#xFF0C; &#x4E0D;&#x65B7;&#x5275;&#x65B0;&#x7814;&#x767C;&#xFF0C;&#x8B93;&#x4E16;&#x754C;&#x66F4;&#x7F8E;&#x597D;&#x3002;</subfield>
  </datafield>
</record>
